Canadian Provinces and Territories by Coat of Arms - Statistics

General Stats
  • This quiz has been taken 61 times
  • The average score is 12 of 13
Answer Stats
Picture Answer % Correct
Yukon
100%
Nova Scotia
98%
Alberta
95%
Ontario
93%
British Columbia
90%
Manitoba
90%
Newfoundland and Labrador
90%
Northwest Territories
90%
Nunavut
90%
Prince Edward Island
90%
Quebec
90%
Saskatchewan
90%
New Brunswick
88%
No matching quizzes found
Score Distribution
Percent of People with Each Score
Percentile by Number Answered
Your Score History
You have not taken this quiz